000 00525nam a2200169 i 4500
001 135669
003 ES-MaACL
007 t|
008 070730s1975 sp ||||1| spa d
080 _a364.444.046.6(460.27 M.)(091)
100 1 _aTorres Gost, Juan.
_9110967
245 1 0 _aMedio siglo en el Hospital del Rey /
_cJuan Torres Gost.
260 _aMadrid :
_bBiblioteca Nueva,
_c1975.
300 _a198 p. :
_bil. ;
_c21 cm.
610 2 7 _aHospital del Rey (Madrid)-
_vHistoria.
_94604
852 _aES-MaACL
_jE-8438
_bR.92900
999 _c135669
_d135669